Microelectronics and society : For better or for worse: A report to the club of Rome

Guardado en:
Detalles Bibliográficos
Formato: Libro
Lenguaje:Undetermined
Publicado: Oxford Pergamon Press 1982
Materias:
Etiquetas: Agregar Etiqueta
Sin Etiquetas, Sea el primero en etiquetar este registro!
Thư viện lưu trữ: Trung tâm Học liệu Trường Đại học Cần Thơ
LEADER 00540nam a2200181Ia 4500
001 CTU_95458
008 210402s9999 xx 000 0 und d
082 |a 303.4 
082 |b M626 
245 0 |a Microelectronics and society : 
245 0 |b For better or for worse: A report to the club of Rome 
245 0 |c Edited by Gunter Friedrichs, Adam Schaff 
260 |a Oxford 
260 |b Pergamon Press 
260 |c 1982 
650 |a Microelectronics 
650 |x Social aspects 
980 |a Trung tâm Học liệu Trường Đại học Cần Thơ